01372cam a22002658a 4500003000400000005001700004008003900021020003800060035002000098040002300118042000800141082002200149100002300171245016300194246002400357250001200381260005100393263000900444300003200453504005100485505047200536650002401008700002501032700004901057OSt20240530110427.0121102s2013 paua f b 001 0 eng a9781455706310 (pbk. : alk. paper) a(DNLM)101595157 aEG-CaGPLcEG-CaGPL apcc04221a611.018\bO N1 aOvalle, William K.10aNetter's essential histology /cWilliam K. Ovalle, Patrick C. Nahirney ; illustrations by Frank H. Netter, contributing illustrators, Joe Chovan ... [et al.].1 aEssential histology a2nd ed. aPhiladelphia, PA :bElsevier/Saunders,cc2013. a1304 ap417. :bill. col ;c28 cm. aIncludes bibliographical references and index.0 aThe Cell -- Epithelium and exocrine glands -- Connective tissue -- Muscle tissue -- Nervous tissue -- Cartilage and bone -- Blood and bone marrow -- Cardiovascular system -- Lymphoid system -- Endocrine system -- Integumentary system -- Upper digestive system -- Lower digestive system -- Liver, gallbladder, and exocrine pancreas -- Respiratory system -- Urinary system -- Male reproductive system -- Female reproductive system -- Eye and adnexa -- Special senses.12aHistologyvAtlases.1 aNahirney, Patrick C.1 aNetter, Frank H.q(Frank Henry),d1906-1991.